000
00311nam a2200133Ia 4500
008
191201s2006 xx 000 0 und d
100
_a
EVANS, Patria
245
0
_a
Controlling People
250
_a
1st
260
_a
N.Delhi
_b
Adams Media Co
_c
2006
300
_a
300
650
_a
General Books
942
_2
ddc
_c
BK
999
_c
2447
_d
2447